De la garconne a la pin-up: mujeres y hombres en el siglo XX

Kaydedildi:
Detaylı Bibliyografya
Yazar: Expósito García, Mercedes (Yazar)
Materyal Türü: Kitap
Dil:İspanyolca
Baskı/Yayın Bilgisi: Madrid Cátedra 2016
Edisyon:1a. ed
Seri Bilgileri:Feminismos
Konular:
Etiketler: Etiketle
Etiket eklenmemiş, İlk siz ekleyin!

MARC

LEADER 00000cam a2200000 a 4500
001 UCC5964
003 CL-VaPUC
008 181109e20160000sp |||||||||||||||||spa|d
020 |a 9788437635279 
082 0 4 |a 305.4  |b EXP  |2 21 
100 0 |a Expósito García, Mercedes  |e author  |9 600420 
245 1 0 |a De la garconne a la pin-up: mujeres y hombres en el siglo XX 
250 |a 1a. ed 
300 |a 398 p 
942 |c BK 
945 |d 20181109 15:19:00  |a dcastane 
260 |a Madrid  |b Cátedra  |c 2016 
650 7 |a MUJERES REVOLUCIONARIAS  |2 CL-VaPUC  |9 508457 
650 0 |a Feminismo  |9 259085 
650 0 |a Condiciones sociales   |9 257278 
583 |a last modification  |c 20181109 15:19:00  |k Rodrigo Vera 
490 0 |a Feminismos 
999 |c 373067  |d 373065 
952 |0 0  |1 0  |3 erb  |4 0  |6 305_400000000000000_EXP_2016  |7 0  |8 A  |9 490990  |a BIBCUR  |b BIBCUR  |i 5512700  |o 305.4 EXP 2016  |p 5512700  |r 2025-04-22  |w 2019-11-24  |y BK  |z Catalogado en:20181109  |k PER